[Event "SVK Extraliga 2019-20"]
[Site "Slovakia"]
[Date "2019.11.24"]
[Round "4"]
[White "Hanko, Pavol"]
[Black "Rajnak, Daniel"]
[Result "0-1"]
[WhiteElo "2114"]
[BlackElo "2110"]
[Annotator "NA"]
[PlyCount "66"]
[EventDate "2019.10.19"]
[EventType "team-tourn"]
[EventCountry "SVK"]
[SourceTitle "playchess.com"]
[Source "ChessBase"]
[SourceQuality "1"]
[WhiteTeam "Dunajov"]
[BlackTeam "Snina"]
[TimeControl "40/5400+30:1800+30"]

1. d4 {[%emt 0:00:00]} d5 {[%emt 0:00:00]} 2. Nf3 {[%emt 0:00:11]} Nf6 {[%emt 0:00:31]} 3. c4 {[%emt 0:00:22]} e6 {[%emt 0:00:07]} 4. Bg5 {[%emt 0:00:44]} Be7 {[%emt 0:00:04]} 5. e3 {[%emt 0:00:29]} O-O {[%emt 0:00:05]} 6. Nc3 {[%emt 0:00:14]} Nbd7 {[%emt 0:04:43]} 7. Rc1 {[%emt 0:01:25]} dxc4 {[%emt 0:04:39]} 8. Bxc4 {[%emt 0:00:18]} c5 {[%emt 0:00:12]} 9. O-O {[%emt 0:03:21]} a6 {[%emt 0:08:42]} 10. a4 {[%emt 0:05:21]} cxd4 {[%emt 0:01:57]} 11. exd4 {[%emt 0:03:56]} Nb6 {[%emt 0:01:55]} 12. Ba2 {[%emt 0:03:28]} Nbd5 {[%emt 0:11:29]} 13. Bb1 {[%emt 0:07:17]} Qa5 {[%emt 0:14:16]} 14. Nxd5 {[%emt 0:08:59]} Qxd5 {[%emt 0:02:03]} 15. Bxf6 {[%emt 0:08:35]} Bxf6 {[%emt 0:00:07]} 16. Rc5 {[%emt 0:00:23]} Qd6 {[%emt 0:04:16]} 17. Qc2 {[%emt 0:07:23]} g6 {[%emt 0:00:38]} 18. Rd1 {[%emt 0:00:46]} Rd8 {[%emt 0:08:13]} 19. h4 {[%emt 0:06:28]} Bd7 {[%emt 0:07:01]} 20. h5 {[%emt 0:03:02]} b6 {[%emt 0:03:44]} 21. Rc3 {[%emt 0:01:27]} Rac8 {[%emt 0:03:20]} 22. hxg6 {[%emt 0:01:10]} hxg6 {[%emt 0:00:16]} 23. Rdd3 {[%emt 0:11:15]} Rxc3 {[%emt 0:01:03]} 24. bxc3 {[%emt 0:02:26]} Qa3 {[%emt 0:02:30]} 25. Re3 {[%emt 0:08:34]} Bxa4 {[%emt 0:07:31]} 26. Qe4 {[%emt 0:00:28]} Qc1+ {[%emt 0:01:36]} 27. Kh2 {[%emt 0:01:41]} Kg7 {[%emt 0:04:08]} 28. Kg3 {[%emt 0:01:46]} Bb3 {[%emt 0:01:41]} 29. Bd3 {[%emt 0:02:16]} Qxc3 {[%emt 0:02:42]} 30. Bxa6 {[%emt 0:01:04]} Qc7+ {[%emt 0:00:05]} 31. Ne5 {[%emt 0:00:19]} Bc2 {[%emt 0:01:40]} 32. Qf4 {[%emt 0:03:22]} g5 {[%emt 0:00:30]} 33. Qg4 {[%emt 0:06:28]} Bf5 {[%emt 0:00:12]} 0-1

[Event "SVK Extraliga 2019-20"]
[Site "Slovakia"]
[Date "2019.11.24"]
[Round "4"]
[White "Harvan, Richard"]
[Black "Magat, Jozef"]
[Result "1/2-1/2"]
[WhiteElo "2098"]
[BlackElo "2103"]
[Annotator "NA"]
[PlyCount "35"]
[EventDate "2019.10.19"]
[EventType "team-tourn"]
[EventCountry "SVK"]
[SourceTitle "playchess.com"]
[Source "ChessBase"]
[SourceQuality "1"]
[WhiteTeam "Snina"]
[BlackTeam "Dunajov"]
[TimeControl "40/5400+30:1800+30"]

1. e4 {[%emt 0:00:00]} e6 {[%emt 0:00:00]} 2. c4 {[%emt 0:02:37]} d5 {[%emt 0:04:22]} 3. cxd5 {[%emt 0:00:23]} exd5 {[%emt 0:00:06]} 4. exd5 {[%emt 0:00:14]} Nf6 {[%emt 0:03:49]} 5. Nc3 {[%emt 0:01:56]} Nxd5 {[%emt 0:02:06]} 6. Bc4 {[%emt 0:01:16]} Nxc3 {[%emt 0:02:58]} 7. bxc3 {[%emt 0:00:16]} Bd6 {[%emt 0:01:28]} 8. Qe2+ {[%emt 0:16:03]} Qe7 {[%emt 0:02:37]} 9. Qxe7+ {[%emt 0:00:19]} Bxe7 {[%emt 0:00:59]} 10. Nf3 {[%emt 0:01:06]} O-O {[%emt 0:01:11]} 11. O-O {[%emt 0:03:08]} Bd6 {[%emt 0:10:37]} 12. Re1 {[%emt 0:06:48]} Nc6 {[%emt 0:03:29]} 13. d4 {[%emt 0:04:59]} Bd7 {[%emt 0:07:31]} 14. Bd3 {[%emt 0:09:33]} Rae8 {[%emt 0:05:04]} 15. Be3 {[%emt 0:00:56]} b6 {[%emt 0:01:52]} 16. Ng5 {[%emt 0:03:13]} h6 {[%emt 0:01:48]} 17. Nf3 {[%emt 0:15:28]} f5 {[%emt 0:10:08]} 18. Bd2 1/2-1/2

[Event "SVK Extraliga 2019-20"]
[Site "Slovakia"]
[Date "2019.11.24"]
[Round "4"]
[White "Pcola st., Jaroslav"]
[Black "Lisko, Frantisek"]
[Result "1/2-1/2"]
[WhiteElo "2057"]
[BlackElo "2274"]
[Annotator "NA"]
[PlyCount "93"]
[EventDate "2019.10.19"]
[EventType "team-tourn"]
[EventCountry "SVK"]
[SourceTitle "playchess.com"]
[Source "ChessBase"]
[SourceQuality "1"]
[WhiteTeam "Snina"]
[BlackTeam "Dunajov"]
[TimeControl "40/5400+30:1800+30"]

1. e4 {[%emt 0:00:00]} c5 {[%emt 0:00:00]} 2. Nf3 {[%emt 0:00:18]} e6 {[%emt 0:00:00]} 3. Nc3 {[%emt 0:01:52]} Nc6 {[%emt 0:00:08]} 4. d4 {[%emt 0:00:28]} cxd4 {[%emt 0:00:07]} 5. Nxd4 {[%emt 0:00:05]} Nf6 {[%emt 0:00:10]} 6. a3 {[%emt 0:05:09]} Be7 {[%emt 0:01:59]} 7. Be3 {[%emt 0:10:18]} O-O {[%emt 0:01:14]} 8. f4 {[%emt 0:01:46]} d6 {[%emt 0:01:44]} 9. Be2 {[%emt 0:06:06]} Bd7 {[%emt 0:09:34]} 10. O-O {[%emt 0:04:47]} a6 {[%emt 0:12:29]} 11. Bf3 {[%emt 0:09:28]} Rc8 {[%emt 0:01:43]} 12. Nxc6 {[%emt 0:08:01]} Bxc6 {[%emt 0:00:47]} 13. Qd2 {[%emt 0:13:18]} Qc7 {[%emt 0:01:06]} 14. Qf2 {[%emt 0:00:47]} b5 {[%emt 0:00:55]} 15. Kh1 {[%emt 0:00:58]} Qb7 {[%emt 0:16:26]} 16. e5 {[%emt 0:00:43]} Ne4 {[%emt 0:04:38]} 17. Nxe4 {[%emt 0:03:00]} Bxe4 {[%emt 0:00:09]} 18. exd6 {[%emt 0:01:25]} Bxd6 {[%emt 0:00:34]} 19. c3 {[%emt 0:03:39]} f5 {[%emt 0:05:56]} 20. Rad1 {[%emt 0:04:18]} Bb8 {[%emt 0:01:06]} 21. Qd2 {[%emt 0:09:00]} Rf7 {[%emt 0:04:30]} 22. Bd4 {[%emt 0:01:26]} Re8 {[%emt 0:08:33]} 23. Rde1 {[%emt 0:03:30]} Qd5 {[%emt 0:05:23]} 24. Qe3 {[%emt 0:04:12]} Bxf3 {[%emt 0:05:28]} 25. Qxf3 {[%emt 0:00:34]} Qxf3 {[%emt 0:01:48]} 26. Rxf3 {[%emt 0:00:07]} Rd7 {[%emt 0:00:51]} 27. g3 {[%emt 0:00:36]} Kf7 {[%emt 0:00:56]} 28. Kg2 {[%emt 0:00:42]} Bc7 {[%emt 0:01:32]} 29. Rfe3 {[%emt 0:03:27]} Bd8 {[%emt 0:00:55]} 30. R1e2 {[%emt 0:00:46]} Bf6 {[%emt 0:00:35]} 31. Be5 {[%emt 0:00:20]} Rd5 {[%emt 0:01:36]} 32. Kf3 {[%emt 0:00:27]} h6 {[%emt 0:01:06]} 33. h3 {[%emt 0:02:40]} Bd8 {[%emt 0:01:02]} 34. Bd4 {[%emt 0:00:07]} Bc7 {[%emt 0:02:05]} 35. Re1 {[%emt 0:00:14]} g5 {[%emt 0:03:51]} 36. R1e2 {[%emt 0:01:08]} a5 {[%emt 0:01:24]} 37. Re1 {[%emt 0:01:01]} b4 {[%emt 0:01:27]} 38. axb4 {[%emt 0:00:15]} axb4 {[%emt 0:00:17]} 39. Ra1 {[%emt 0:00:34]} bxc3 {[%emt 0:03:46]} 40. bxc3 {[%emt 0:00:35]} Ra5 {[%emt 0:01:35]} 41. Ree1 {[%emt 0:03:11]} Rd8 {[%emt 0:13:27]} 42. Reb1 {[%emt 0:05:24]} Rd7 {[%emt 0:05:45]} 43. Rxa5 {[%emt 0:03:05]} Bxa5 {[%emt 0:00:04]} 44. Rb3 {[%emt 0:03:00]} Kg6 {[%emt 0:01:22]} 45. Ra3 {[%emt 0:01:06]} Bd8 {[%emt 0:01:15]} 46. Ra6 {[%emt 0:01:47]} Kf7 {[%emt 0:00:14]} 47. Ra7 {[%emt 0:02:29]} 1/2-1/2

[Event "SVK Extraliga 2019-20"]
[Site "Slovakia"]
[Date "2019.11.24"]
[Round "4.1"]
[White "Balogh, Csaba"]
[Black "Petenyi, Tamas"]
[Result "1-0"]
[WhiteElo "2591"]
[BlackElo "2427"]
[Annotator "ChessBase"]
[PlyCount "85"]
[EventDate "2019.10.19"]
[EventType "team-tourn"]
[EventCountry "SVK"]
[SourceTitle "playchess.com"]
[Source "ChessBase"]
[SourceQuality "1"]
[WhiteTeam "Modra"]
[BlackTeam "Streda"]
[TimeControl "40/5400+30:1800+30"]

1. e4 {[%emt 0:00:00]} g6 {[%emt 0:00:19]} 2. d4 {[%emt 0:00:00]} Bg7 {[%emt 0:00:04]} 3. Nc3 {[%emt 0:00:32]} c6 {[%emt 0:00:16]} 4. f4 {[%emt 0:00:26]} b5 {[%emt 0:02:02]} 5. e5 {[%emt 0:13:34]} b4 {[%emt 0:06:29]} 6. Ne4 {[%emt 0:00:19]} d5 {[%emt 0:01:35]} 7. Nf2 {[%emt 0:10:08]} Nh6 {[%emt 0:05:10]} 8. Nf3 {[%emt 0:00:56]} O-O {[%emt 0:02:30]} 9. Bd3 {[%emt 0:04:20]} c5 {[%emt 0:02:02]} 10. dxc5 {[%emt 0:00:43]} Qa5 {[%emt 0:08:42]} 11. Nd4 {[%emt 0:04:20]} Qxc5 {[%emt 0:05:18]} 12. Be3 {[%emt 0:00:22]} Nc6 {[%emt 0:09:51]} 13. Be2 {[%emt 0:20:22]} Nxd4 {[%emt 0:01:18]} 14. Bxd4 {[%emt 0:00:04]} Qa5 {[%emt 0:07:05]} 15. g4 {[%emt 0:00:22]} Ba6 {[%emt 0:04:28]} 16. Bxa6 {[%emt 0:04:03]} Qxa6 {[%emt 0:05:47]} 17. Qe2 {[%emt 0:00:04]} Qa5 {[%emt 0:00:56]} 18. O-O {[%emt 0:01:41]} e6 {[%emt 0:05:44]} 19. a3 {[%emt 0:04:15]} Rfc8 {[%emt 0:02:28]} 20. axb4 {[%emt 0:02:19]} Qxb4 {[%emt 0:00:12]} 21. c3 {[%emt 0:00:06]} Qe7 {[%emt 0:02:55]} 22. Ra6 {[%emt 0:00:51]} Kh8 {[%emt 0:04:01]} 23. Rfa1 {[%emt 0:00:29]} Rc7 {[%emt 0:00:37]} 24. Qe3 {[%emt 0:05:34]} Rb8 {[%emt 0:03:40]} 25. b4 {[%emt 0:00:44]} Rc4 {[%emt 0:00:23]} 26. Rxa7 {[%emt 0:00:23]} Qe8 {[%emt 0:00:36]} 27. R1a6 {[%emt 0:05:43]} Ng8 {[%emt 0:01:27]} 28. f5 {[%emt 0:05:27]} gxf5 {[%emt 0:02:58]} 29. gxf5 {[%emt 0:00:05]} exf5 {[%emt 0:05:19]} 30. Nh3 {[%emt 0:00:08]} Rc6 {[%emt 0:03:05]} 31. Rxc6 {[%emt 0:01:55]} Qxc6 {[%emt 0:00:01]} 32. Ng5 {[%emt 0:00:12]} Qg6 {[%emt 0:01:20]} 33. Qg3 {[%emt 0:06:07]} f4 {[%emt 0:01:12]} 34. Qg4 {[%emt 0:00:28]} Qb1+ {[%emt 0:03:51]} 35. Kg2 {[%emt 0:00:11]} Qc2+ {[%emt 0:00:08]} 36. Kh3 {[%emt 0:00:37]} Qd3+ {[%emt 0:00:55]} 37. Kh4 {[%emt 0:00:20]} Nh6 {[%emt 0:01:11]} 38. Nxf7+ {[%emt 0:00:06]} Nxf7 {[%emt 0:00:02]} 39. Rxf7 {[%emt 0:00:06]} Rg8 {[%emt 0:00:06]} 40. Rxg7 {[%emt 0:05:18]} Rxg7 {[%emt 0:00:12]} 41. e6 {[%emt 0:31:17]} Qg6 {[%emt 0:31:39]} 42. Qxg6 {[%emt 0:00:11]} hxg6 {[%emt 0:00:04]} 43. e7 {[%emt 0:00:19]} 1-0

[Event "SVK Extraliga 2019-20"]
[Site "Slovakia"]
[Date "2019.11.24"]
[Round "4.1"]
[White "Matuszewski, Michal"]
[Black "Sahidi, Samir"]
[Result "0-1"]
[WhiteElo "2524"]
[BlackElo "2374"]
[Annotator "ChessBase"]
[PlyCount "86"]
[EventDate "2019.10.19"]
[EventType "team-tourn"]
[EventCountry "SVK"]
[SourceTitle "playchess.com"]
[Source "ChessBase"]
[SourceQuality "1"]
[WhiteTeam "Prakovce"]
[BlackTeam "Bratislava"]
[TimeControl "40/5400+30:1800+30"]

1. d4 {[%emt 0:00:00]} Nf6 {[%emt 0:00:00]} 2. Bg5 {[%emt 0:00:00]} e6 {[%emt 0:02:32]} 3. e4 {[%emt 0:00:00]} h6 {[%emt 0:01:02]} 4. Bxf6 {[%emt 0:00:01]} Qxf6 {[%emt 0:00:13]} 5. c3 {[%emt 0:00:08]} d6 {[%emt 0:02:38]} 6. Bd3 {[%emt 0:02:56]} e5 {[%emt 0:13:36]} 7. Ne2 {[%emt 0:00:06]} g6 {[%emt 0:04:35]} 8. O-O {[%emt 0:00:08]} Bg7 {[%emt 0:00:20]} 9. f4 {[%emt 0:01:31]} Qe7 {[%emt 0:00:58]} 10. Nd2 {[%emt 0:00:29]} Nd7 {[%emt 0:06:28]} 11. Qb3 {[%emt 0:04:56]} O-O {[%emt 0:00:47]} 12. a4 {[%emt 0:17:17]} Kh7 {[%emt 0:04:58]} 13. Nc4 {[%emt 0:12:16]} Nb6 {[%emt 0:06:46]} 14. Ne3 {[%emt 0:16:23]} a5 {[%emt 0:00:38]} 15. Rf3 {[%emt 0:06:40]} Bd7 {[%emt 0:08:42]} 16. Qc2 {[%emt 0:01:08]} c5 {[%emt 0:25:11]} 17. dxe5 {[%emt 0:06:05]} dxe5 {[%emt 0:00:20]} 18. f5 {[%emt 0:00:05]} Rad8 {[%emt 0:02:23]} 19. b3 {[%emt 0:05:47]} Bc6 {[%emt 0:02:17]} 20. c4 {[%emt 0:02:42]} Rd6 {[%emt 0:01:33]} 21. Nc3 {[%emt 0:01:33]} Rd4 {[%emt 0:01:19]} 22. Raf1 {[%emt 0:01:02]} Qd6 {[%emt 0:01:43]} 23. Ncd5 {[%emt 0:03:01]} Nd7 {[%emt 0:01:24]} 24. f6 {[%emt 0:12:31]} Bh8 {[%emt 0:00:41]} 25. Ng4 {[%emt 0:00:16]} Bxd5 {[%emt 0:04:23]} 26. Rh3 {[%emt 0:04:53]} Nxf6 {[%emt 0:04:04]} 27. Nxh6 {[%emt 0:00:20]} Nh5 {[%emt 0:01:45]} 28. Rxh5 {[%emt 0:00:52]} gxh5 {[%emt 0:00:54]} 29. Nf5 {[%emt 0:00:15]} Qg6 {[%emt 0:00:50]} 30. exd5 {[%emt 0:00:46]} Rxd3 {[%emt 0:01:05]} 31. Qxd3 {[%emt 0:00:02]} Rg8 {[%emt 0:00:10]} 32. Qe4 {[%emt 0:00:14]} b6 {[%emt 0:01:09]} 33. d6 {[%emt 0:01:05]} Bf6 {[%emt 0:00:23]} 34. Ng3 {[%emt 0:00:33]} Kg7 {[%emt 0:00:36]} 35. Qf5 {[%emt 0:00:56]} Qxf5 {[%emt 0:00:21]} 36. Rxf5 {[%emt 0:00:26]} Kg6 {[%emt 0:00:16]} 37. Rf3 {[%emt 0:00:33]} Rd8 {[%emt 0:00:45]} 38. Rd3 {[%emt 0:00:23]} Bh4 {[%emt 0:00:16]} 39. Kf2 {[%emt 0:00:38]} Kf6 {[%emt 0:00:13]} 40. Kf3 {[%emt 0:00:24]} Bxg3 {[%emt 0:00:32]} 41. Kxg3 {[%emt 0:30:02]} Ke6 {[%emt 0:30:10]} 42. Kh4 {[%emt 0:00:41]} e4 {[%emt 0:00:44]} 43. Re3 {[%emt 0:00:49]} Ke5 {[%emt 0:00:00]} 0-1

[Event "SVK Extraliga 2019-20"]
[Site "Slovakia"]
[Date "2019.11.24"]
[Round "4.1"]
[White "Pechac, Jergus"]
[Black "Vovk, Yuri"]
[Result "0-1"]
[WhiteElo "2491"]
[BlackElo "2577"]
[Annotator "ChessBase"]
[PlyCount "110"]
[EventDate "2019.10.19"]
[EventType "team-tourn"]
[EventCountry "SVK"]
[SourceTitle "playchess.com"]
[Source "ChessBase"]
[SourceQuality "1"]
[WhiteTeam "Zilina"]
[BlackTeam "Košice"]
[TimeControl "40/5400+30:1800+30"]

1. d4 {[%emt 0:00:00]} Nf6 {[%emt 0:00:00]} 2. c4 {[%emt 0:00:00]} e6 {[%emt 0:00:00]} 3. Nf3 {[%emt 0:00:00]} b6 {[%emt 0:00:00]} 4. g3 {[%emt 0:00:00]} Bb7 {[%emt 0:00:00]} 5. Bg2 {[%emt 0:00:00]} Be7 {[%emt 0:00:00]} 6. O-O {[%emt 0:00:00]} O-O {[%emt 0:00:01]} 7. Nc3 {[%emt 0:00:03]} Ne4 {[%emt 0:00:05]} 8. Bd2 {[%emt 0:00:03]} d5 {[%emt 0:00:13]} 9. cxd5 {[%emt 0:00:12]} exd5 {[%emt 0:01:40]} 10. Bf4 {[%emt 0:00:33]} Nd7 {[%emt 0:00:31]} 11. Rc1 {[%emt 0:00:33]} c5 {[%emt 0:00:07]} 12. Qb3 {[%emt 0:00:55]} c4 {[%emt 0:16:33]} 13. Qd1 {[%emt 0:00:05]} Nxc3 {[%emt 0:03:30]} 14. bxc3 {[%emt 0:00:05]} b5 {[%emt 0:00:10]} 15. h4 {[%emt 0:05:20]} a5 {[%emt 0:03:00]} 16. Nd2 {[%emt 0:15:47]} Nb6 {[%emt 0:04:34]} 17. e4 {[%emt 0:05:22]} b4 {[%emt 0:07:02]} 18. e5 {[%emt 0:03:33]} Bc8 {[%emt 0:05:31]} 19. Qh5 {[%emt 0:04:37]} Be6 {[%emt 0:02:11]} 20. Bg5 {[%emt 0:00:13]} Bxg5 {[%emt 0:09:38]} 21. hxg5 {[%emt 0:00:42]} Na4 {[%emt 0:00:39]} 22. f4 {[%emt 0:03:44]} Nxc3 {[%emt 0:01:24]} 23. f5 {[%emt 0:11:05]} Bxf5 {[%emt 0:01:51]} 24. Rxf5 {[%emt 0:01:41]} g6 {[%emt 0:00:13]} 25. Qh6 {[%emt 0:03:36]} gxf5 {[%emt 0:03:12]} 26. Kf2 {[%emt 0:00:10]} Ra6 {[%emt 0:02:50]} 27. Qxa6 {[%emt 0:00:54]} Qxg5 {[%emt 0:00:18]} 28. Rc2 {[%emt 0:00:49]} f4 {[%emt 0:09:46]} 29. Nf1 {[%emt 0:22:59]} fxg3+ {[%emt 0:17:47]} 30. Kg1 {[%emt 0:01:32]} Qf4 {[%emt 0:08:01]} 31. Rd2 {[%emt 0:11:09]} Nb1 {[%emt 0:00:57]} 32. Re2 {[%emt 0:00:08]} Qxd4+ {[%emt 0:00:14]} 33. Re3 {[%emt 0:00:04]} Re8 {[%emt 0:02:52]} 34. Qf6 {[%emt 0:01:44]} Re6 {[%emt 0:00:15]} 35. Qd8+ {[%emt 0:00:20]} Kg7 {[%emt 0:00:00]} 36. Qxd5 {[%emt 0:00:22]} Qb6 {[%emt 0:02:14]} 37. Qxc4 {[%emt 0:05:36]} Rxe5 {[%emt 0:00:01]} 38. Qg4+ {[%emt 0:01:30]} Kf8 {[%emt 0:00:02]} 39. Qxg3 {[%emt 0:02:05]} Re6 {[%emt 0:00:01]} 40. Kh2 {[%emt 0:01:30]} Rh6+ {[%emt 0:01:48]} 41. Bh3 {[%emt 0:30:17]} Nc3 {[%emt 0:30:39]} 42. Nd2 {[%emt 0:00:00]} Nd5 {[%emt 0:00:00]} 43. Re1 {[%emt 0:00:00]} Rxh3+ {[%emt 0:00:00]} 44. Kxh3 {[%emt 0:00:00]} Qh6+ {[%emt 0:00:00]} 45. Kg4 {[%emt 0:00:00]} Qxd2 {[%emt 0:00:00]} 46. Qe5 {[%emt 0:00:00]} Qg2+ {[%emt 0:00:00]} 47. Kh4 {[%emt 0:00:00]} Qf2+ {[%emt 0:00:00]} 48. Qg3 {[%emt 0:00:00]} Qxg3+ {[%emt 0:00:00]} 49. Kxg3 {[%emt 0:00:00]} Nc3 {[%emt 0:00:00]} 50. Re5 {[%emt 0:00:00]} a4 {[%emt 0:00:00]} 51. Ra5 {[%emt 0:00:00]} a3 {[%emt 0:00:24]} 52. Kf3 {[%emt 0:00:00]} Nxa2 {[%emt 0:00:12]} 53. Ke3 {[%emt 0:00:00]} b3 {[%emt 0:01:14]} 54. Kd2 {[%emt 0:00:00]} b2 {[%emt 0:01:09]} 55. Rb5 {[%emt 0:00:00]} Nb4 {[%emt 0:00:16]} 0-1

[Event "SVK Extraliga 2019-20"]
[Site "Slovakia"]
[Date "2019.11.24"]
[Round "4.1"]
[White "Cernousek, Lukas"]
[Black "Gazik, Viktor"]
[Result "1-0"]
[WhiteElo "2461"]
[BlackElo "2508"]
[Annotator "ChessBase"]
[PlyCount "63"]
[EventDate "2019.10.19"]
[EventType "team-tourn"]
[EventCountry "SVK"]
[SourceTitle "playchess.com"]
[Source "ChessBase"]
[SourceQuality "1"]
[WhiteTeam "Dubnica"]
[BlackTeam "Podhajska"]
[TimeControl "40/5400+30:1800+30"]

1. d4 {[%emt 0:00:00]} Nf6 {[%emt 0:00:31]} 2. c4 {[%emt 0:00:00]} e5 {[%emt 0:03:25]} 3. dxe5 {[%emt 0:00:00]} Ng4 {[%emt 0:00:02]} 4. Bf4 {[%emt 0:00:00]} g5 {[%emt 0:00:04]} 5. Bg3 {[%emt 0:00:01]} Bg7 {[%emt 0:00:05]} 6. Nf3 {[%emt 0:00:13]} Nc6 {[%emt 0:00:05]} 7. h4 {[%emt 0:00:38]} Ngxe5 {[%emt 0:05:45]} 8. Nxe5 {[%emt 0:00:07]} Nxe5 {[%emt 0:00:07]} 9. Nc3 {[%emt 0:00:04]} g4 {[%emt 0:19:32]} 10. h5 {[%emt 0:00:22]} O-O {[%emt 0:07:23]} 11. h6 {[%emt 0:00:06]} Bf6 {[%emt 0:07:07]} 12. Nd5 {[%emt 0:12:37]} d6 {[%emt 0:02:06]} 13. Qc2 {[%emt 0:06:21]} c6 {[%emt 0:12:17]} 14. Nxf6+ {[%emt 0:02:20]} Qxf6 {[%emt 0:00:02]} 15. e4 {[%emt 0:16:32]} d5 {[%emt 0:08:40]} 16. Rh5 {[%emt 0:07:36]} Re8 {[%emt 0:10:46]} 17. O-O-O {[%emt 0:01:22]} Ng6 {[%emt 0:04:52]} 18. cxd5 {[%emt 0:14:35]} cxd5 {[%emt 0:00:02]} 19. Bb5 {[%emt 0:05:56]} Rf8 {[%emt 0:12:47]} 20. exd5 {[%emt 0:01:14]} a6 {[%emt 0:00:24]} 21. Bd3 {[%emt 0:04:42]} Bd7 {[%emt 0:00:02]} 22. Kb1 {[%emt 0:00:10]} Rac8 {[%emt 0:00:28]} 23. Qd2 {[%emt 0:05:40]} Rfe8 {[%emt 0:00:23]} 24. Qg5 {[%emt 0:04:46]} Qb6 {[%emt 0:02:09]} 25. d6 {[%emt 0:04:40]} Qd4 {[%emt 0:00:12]} 26. Bc2 {[%emt 0:06:00]} Qc4 {[%emt 0:01:49]} 27. Bb3 {[%emt 0:00:02]} Qe4+ {[%emt 0:00:59]} 28. Ka1 {[%emt 0:00:02]} Qe2 {[%emt 0:01:23]} 29. Qd5 {[%emt 0:02:40]} Be6 {[%emt 0:00:19]} 30. Qd4 {[%emt 0:00:08]} f6 {[%emt 0:00:40]} 31. d7 {[%emt 0:00:13]} Bxb3 {[%emt 0:00:33]} 32. axb3 {[%emt 0:00:38]} 1-0

[Event "SVK Extraliga 2019-20"]
[Site "Slovakia"]
[Date "2019.11.24"]
[Round "4.1"]
[White "Mazur, Stefan"]
[Black "Ftacnik, Lubomir"]
[Result "1/2-1/2"]
[WhiteElo "2457"]
[BlackElo "2521"]
[Annotator "TA"]
[PlyCount "63"]
[EventDate "2019.10.19"]
[EventType "team-tourn"]
[EventCountry "SVK"]
[SourceTitle "playchess.com"]
[Source "ChessBase"]
[SourceQuality "1"]
[WhiteTeam "Liptovska"]
[BlackTeam "Slovan"]

{[%evp 12,63,12,17,9,14,31,34,29,22,28,20,41,41,38,27,30,12,44,-7,-7,-20,-22,-60,-72,-59,-71,-92,-83,-185,-185,-195,-201,-444,-440,-665,-646,-647,-625,-735,-723,-652,0,0,0,0,0,0,0,0,0,0,0,0]} 1. e4 c5 2. Nf3 d6 3. d4 cxd4 4. Nxd4 Nf6 5. Nc3 a6 6. h3 e5 7. Nde2 h5 {B90: Sicilian Najdorf: Unusual White 6th moves, 6 Be3 Ng4 and 6 Be3 e5} 8. g3 Be7 9. Bg2 b5 {White is slightly better.} 10. Nd5 Nbd7 11. Nec3 Bb7 12. Nxe7 Qxe7 13. Bg5 Qe6 14. h4 O-O $146 ({Predecessor:} 14... b4 15. Bh3 {½-½ (34) Shirov,A (2708)-Palliser,R (2453) England 2013}) 15. Bh3 (15. a3 $14) 15... Qc4 $11 16. f3 b4 17. Qe2 Qc7 18. Nd1 d5 {[%cal Rd5e4]} 19. Ne3 dxe4 20. fxe4 (20. f4 $17) 20... Nxe4 $19 21. Rg1 Ndf6 22. g4 $2 {[#]} (22. O-O-O {only move.}) 22... Rad8 {Threatens to win with ...Rd2.} 23. Bxf6 (23. gxh5 $142 Rd2 24. Qf1 Nxh5 25. Bf5) 23... Rd2 24. Qxd2 Nxd2 25. gxh5 Nf3+ {[%mdl 64] Double Attack} 26. Ke2 Rd8 $2 (26... g6 $19 27. Bg5 a5) 27. Rxg7+ $11 {The position is equal.} Kf8 {[#] ( -> ...Rd2+)} 28. Rh7 $1 $36 {[%cal Rh7h8][%mdl 2048] Black is under pressure.} Rd2+ 29. Kf1 {[%cal Rh7h8]} Nh2+ 30. Ke1 {[%cal Rh7h8]} Nf3+ 31. Kf1 {[%cal Rh7h8]} Nh2+ 32. Ke1 {Accuracy: White = 41%, Black = 80%.} 1/2-1/2

[Event "SVK Extraliga 2019-20"]
[Site "Slovakia"]
[Date "2019.11.24"]
[Round "4.2"]
[White "Mihok, Oliver"]
[Black "Motuz, Karol"]
[Result "1-0"]
[WhiteElo "2559"]
[BlackElo "2365"]
[Annotator "ChessBase"]
[PlyCount "55"]
[EventDate "2019.10.19"]
[EventType "team-tourn"]
[EventCountry "SVK"]
[SourceTitle "playchess.com"]
[Source "ChessBase"]
[SourceQuality "1"]
[WhiteTeam "Podhajska"]
[BlackTeam "Dubnica"]
[TimeControl "40/5400+30:1800+30"]

1. e4 {[%emt 0:00:00]} e5 {[%emt 0:00:00]} 2. Nf3 {[%emt 0:00:00]} Nc6 {[%emt 0:00:00]} 3. Bb5 {[%emt 0:00:00]} a6 {[%emt 0:00:11]} 4. Ba4 {[%emt 0:00:00]} Nf6 {[%emt 0:00:23]} 5. O-O {[%emt 0:00:00]} Nxe4 {[%emt 0:01:00]} 6. d4 {[%emt 0:00:26]} b5 {[%emt 0:00:10]} 7. Bb3 {[%emt 0:00:04]} d5 {[%emt 0:00:13]} 8. dxe5 {[%emt 0:00:05]} Be6 {[%emt 0:00:08]} 9. Be3 {[%emt 0:00:33]} Be7 {[%emt 0:01:08]} 10. c3 {[%emt 0:00:33]} Nc5 {[%emt 0:05:29]} 11. Nbd2 {[%emt 0:05:37]} Nd3 {[%emt 0:02:06]} 12. Qb1 {[%emt 0:16:00]} Ndxe5 {[%emt 0:01:06]} 13. Nxe5 {[%emt 0:00:26]} Nxe5 {[%emt 0:00:05]} 14. Bd4 {[%emt 0:00:13]} Ng6 {[%emt 0:04:23]} 15. f4 {[%emt 0:12:16]} c5 {[%emt 0:02:21]} 16. Bxg7 {[%emt 0:03:54]} Rg8 {[%emt 0:00:10]} 17. Bh6 {[%emt 0:02:58]} Nh4 {[%emt 0:02:42]} 18. Rf2 {[%emt 0:24:45]} Nf5 {[%emt 0:07:51]} 19. Bg5 {[%emt 0:01:17]} Bxg5 {[%emt 0:00:59]} 20. fxg5 {[%emt 0:00:06]} Qxg5 {[%emt 0:02:09]} 21. Nf3 {[%emt 0:03:14]} Qg7 {[%emt 0:34:17]} 22. Bxd5 {[%emt 0:01:16]} Rd8 {[%emt 0:17:12]} 23. Bxe6 {[%emt 0:00:47]} fxe6 {[%emt 0:00:36]} 24. Qe4 {[%emt 0:00:08]} Qd7 {[%emt 0:06:07]} 25. Re1 {[%emt 0:03:51]} Qd5 {[%emt 0:03:08]} 26. Qf4 {[%emt 0:01:44]} h5 {[%emt 0:02:09]} 27. Ng5 {[%emt 0:03:59]} Rd6 {[%emt 0:02:48]} 28. Ne4 {[%emt 0:01:12]} 1-0